Quizzes
Events
Quiz Creation
Community
Videos
Private Events
Remove Ads
Sign In
Join for FREE
Feedback
Dark Mode
Quiz Categories
Sports
Geography
Music
Movies
Television
Just For Fun
Miscellaneous
History
Literature
Language
Science
Gaming
Entertainment
Religion
Holiday
For Kids
Quiz Lab
Recent
Popular Today
Quiz Kudos Today
Editor Picks
Curator Picks
Quizzes by...
Day
Popularity
Type
Ratings
Length
Year
Community
Subscriptions
Recent Discussions
Orange Saloon
Badges
Playlists
Quests
Create
Leaderboards
Showdown
Live 5
Trivia Bingo
Activity
Puzzle Library
Sporcle Events
Private Events
Virtual Trivia
Globe League
Become a Host
Pub Owners
SporcleCon
Opinionation
Our Games
Videos
Blog
Mobile Apps
Partnerships
Remove Ads and Go Orange
Feedback
Literature
Harry Potter
A Song of Ice and Fire
The Hunger Games
Literary Character
Shakespeare
Book
Author
Novel
Poem
Young Adult
Children's Books
Play
Lord of the Rings
Literature
Harry Potter
A Song of Ice and Fire
The Hunger Games
Literary Character
Shakespeare
Book
Author
Novel
Poem
Young Adult
Children's Books
Play
Lord of the Rings
Random Quiz
Search Sporcle
×
Quiz Lab
Quiz Lab
Literature
Shakespeare
Type in answers that appear in a list
Type in answers that appear in a list
Classic
Best Score? Go Orange.
Juliet's Balcony Monologue: Modern to Classic Stats
Can you name the Shakespeare words to this modern translation?
By
allofthesevoices
10m
124 Questions
102 Plays
102 Plays
102 Plays
Comments
Comments
Give Quiz Kudos
Give Quiz Kudos
-
- Ratings
hide this ad
More Info
Replay
Link that replays current quiz
Next Quiz
Link to next quiz in quiz playlist
You Got
0%
They Got
Avg Score
76%
Avg Friend Score
Upgrade to see
Score Distribution
Jump to the score distribution portion of the page
Score
0/124
Timer
10:00
0
Plays Today
Modern Text
Shakespearian text
% Correct
oh
O
99%
Romeo,
Romeo,
99%
Romeo!
Romeo!
99%
your
romeo?
99%
If
O
99%
So
Romeo,
99%
Romeo
Romeo
99%
Romeo,
Romeo,
99%
my
a
98%
happen
a
98%
a
a
98%
names
a
98%
If
a
98%
is
art
95.1%
that
thou
95.1%
Or
thou
95.1%
issue,
thou
95.1%
you're
art
95.1%
get
name;
93.1%
name,
name
93.1%
another
name.
93.1%
doesn’t
name?
93.1%
different
name
93.1%
about
name,
93.1%
instead-
-
name,
93.1%
we
rose
87.3%
Just
thy
86.3%
for
thy
86.3%
your
thy
86.3%
forget
thy
86.3%
and
thy
86.3%
don’t
be
85.3%
I
no
85.3%
change
be
85.3%
you
be
85.3%
Why
Wherefore
84.3%
you
not
84.3%
just
not
84.3%
weren't
not
84.3%
arent
not
84.3%
change
father
83.3%
it
and
83.3%
Modern Text
Shakespearian text
% Correct
dad?
if
83.3%
an
and
83.3%
they
would
83.3%
roses.
and
83.3%
your
and
83.3%
It's
any
82.4%
not
other
82.4%
had
other
82.4%
roses
any
82.4%
something
other
82.4%
still
as
82.4%
your
is
81.4%
does
is
81.4%
things
we
81.4%
be
sweet;
81.4%
names
is
81.4%
name.
Capulet.
80.4%
to
montague.
80.4%
Montague.
montague?
80.4%
Changing
in
80.4%
called
by
80.4%
would
smell
78.4%
name?
Deny
77.5%
will
longer
77.5%
be
Whats
77.5%
What
It
77.5%
name!
What's
77.5%
your
Or
75.5%
and
that
75.5%
effect
That
75.5%
be
that
75.5%
are
that
75.5%
do
my
74.5%
family,
my
74.5%
and
refuse
73.5%
want
but
72.5%
it's
but
72.5%
that,
love,
71.6%
of
to
71.6%
are.
call
71.6%
if
were
71.6%
name
for
70.6%
Modern Text
Shakespearian text
% Correct
then
I'll
69.6%
even
hand,
69.6%
that
nor
68.6%
mean?
nor
68.6%
not
nor
68.6%
it
nor
68.6%
you.
nor
68.6%
even
part
68.6%
all
part
68.6%
you
he
67.6%
you
he
67.6%
you.
man.
66.7%
what
which
66.7%
wonderful
which
66.7%
because
which
66.7%
that
of
66.7%
only
some
65.7%
if
wilt
64.7%
like
arm,
64.7%
It's
foot,
62.7%
important-
-
thee,
61.8%
that’s
enemy,
60.8%
to
sworn
58.8%
part
belonging
57.8%
you’d
call'd,
57.8%
defines
face,
56.9%
Really,
'Tis
55.9%
with
all
54.9%
be
take
52.9%
me.
myself.
49%
you
though
47.1%
so
dear
46.1%
not,
thyself,
45.1%
just
doff
42.2%
still
retain
41.2%
your
perfection
41.2%
that
owes
38.2%
now.
title.
34.3%
you
without
31.4%
30.4%
Quiz Playlist
Details
Report
Send in Message
Add To Playlist
More Info:
Using the provided modern day translation of Juliet's act II scene 2 monologue, guess the actual Shakespearian version of the text.
Classic:
Type in answers that appear in a list
Last Updated: Feb 16, 2017
Quiz Scoreboard
CHALLENGE
Sign Up to Join the Scoreboard
Show All
Scores
Hide
Comments
May contain spoilers
Recently Published
Movies - When Are They Set?
by FPL_Elf
Movies
5m
Popular People in 1961
by mucciniale
History
6m
1-10 Letter E Words III
by El_Dandy
Language
2m
More to Explore
Quiz From the Vault
Featured Blog Post
Where Did the Easter Bunny Come From?
hide this ad
You Might Also Like...
Tags
Shakespeare Quiz
dialect
juliet
Juliet Quotes
monologue
theatre
Today's Top Quizzes in Literature
Browse Literature
hide this ad
Today's Top Quizzes in Shakespeare
Browse Shakespeare
Top Contributed Quizzes in Literature
1
Sneaky Slytherin Logic Puzzle
2
One Thing in Common: Literature
3
Get The Picture: Black or White Literature
4
Weasley Family Reunion: Logic Puzzle
5
One Thing in Common: Literature II
6
Harry Potter Neighbourly Logic Puzzle #5
7
Lily Potter Start to Finish
8
One Thing in Common: Literature 3
9
One Thing in Common: Books
10
ASOIAF Logic Puzzle [Difficult] [Read Note first!!]
Explore More
Trending Topics
NBA
Crossword
Harry Potter
Anime
Disney
Marvel
Kpop
Pokémon
Song
Puzzle
Country
NFL
The Office
Soccer
WWE
hide this ad
More By:
allofthesevoices
Quiz
Plays
Rating
Category
Featured
Created
5 Seconds of Summer Lyrics
1,880
3.00
Music
Aug 15, 2013
5 Seconds of Summer Lyrics 2
1,850
4.00
Music
Aug 15, 2013
Starkid's AVPM Lyrics
1,549
3.40
Music
Aug 11, 2012
Juliet's Balcony Monologue: Modern to Classic
102
Literature
Jul 13, 2012
Juliet's Act 2 Scene 2 Monologue in Order
46
Literature
Jul 13, 2012
Go to Creator's Profile
Score Distribution
Quiz Creator Spotlight
allofthesevoices
Follow
Send a Message
Quizzes Created
-
Created Quiz Play Count
-
More By This Creator
Popular Quizzes Today
1
Find the US States - No Outlines Minefield
2
Find the Countries of Europe - No Outlines Minefield
3
The Countries of the World
4
Popular People in 1961
5
1-10 Letter E Words III
6
US States
7
Find the US States
8
One Thing in Common: World Cities II
More Literature Quizzes
Harry Potter 200 - Four Letters
Quiz Lab
Trending Quizzes
Risky Map Clicking: Least Populous States A-Z
1-10 Letter F Words
1-10 Letter G Words
One Thing in Common: United Kingdom
Risky Map Clicking: Next State Alphabetically
Recently Updated
Leaping Animals
pecheneg
Reality TV Shows (A-Z)
bhenderson79
Rickey Henderson's Hall of Fame Teammates
pecheneg
Champions League XIs: Arsenal
pecheneg
Quick Pick: Celebrities in WWE's Hall of Fame
aduchscher
A-Z Keypad Blitz II
pecheneg
Multiple Oscar Actors
pecheneg
Mystery Phrase Blitz: Oscar 'Best Actors'
pecheneg
F. Scott Fitzgerald Novels
LTH
Pick 3 Villains
ddd62291
Trending Topics
Disney
NBA
Marvel
Crossword
Anime
Kpop
Harry Potter
The Office
Song
NFL
Puzzle
Pokémon
Soccer
Country
WWE
Your Account Isn't Verified!
In order to create a playlist on Sporcle, you need to verify the email address you used during registration. Go to your
Sporcle Settings
to finish the process.
Report this User
Report this user for behavior that violates our
Community Guidelines
.
Details:
Send Report
Go to the Sporcle.com Mobile Site →
Comments